| 000 | 00933cab a2200193 4500 | ||
|---|---|---|---|
| 001 | ##L134496 | ||
| 008 | 060810n2006 000 0 eng u | ||
| 035 | _a(Sirsi) u134496 | ||
| 041 | 0 | _aeng | |
| 100 | 1 | _aDodsworth, Catriona | |
| 245 | 0 | 0 | _aRisk requires close control |
| 260 | _c2006 | ||
| 490 | 0 |
_aConstruction News _v(6978) 3 August 2006, 22(1) |
|
| 520 | _aDiscusses the management of risk in construction contracts. The general rule is that a court will interprete a contract strictly in accordance with its written terms; therefore, it is important that all members of a project team understand their contractual obligations and not vary the prescribed procedures, as they may then find themselves assuming a greater degree of risk than originally intended. | ||
| 590 | _aIKA220806 | ||
| 651 | 4 |
_aUnited Kingdom _y |
|
| 690 | _aBUILT ENVIRONMENT-CONSTRUCTION MANAGEMENT-BUILDING CONTRACT ADMINISTRATION | ||
| 942 | _n0 | ||
| 999 |
_c77541 _d77541 |
||